<?xml version="1.0" encoding="UTF-8"?>
<collection xmlns="http://www.loc.gov/MARC21/slim">
 <record>
  <leader>00541pamaa2200169   4500</leader>
  <controlfield tag="001">0000021154</controlfield>
  <controlfield tag="005">20070110090000.0</controlfield>
  <datafield tag="020" ind1="0" ind2="0">
   <subfield code="a">0749395133 (pbk) </subfield>
  </datafield>
  <datafield tag="090" ind1="0" ind2="0">
   <subfield code="a">PS3551.L35 </subfield>
   <subfield code="b">ALE 1995</subfield>
  </datafield>
  <datafield tag="100" ind1="1" ind2="0">
   <subfield code="a">ALEXIE </subfield>
  </datafield>
  <datafield tag="245" ind1="1" ind2="0">
   <subfield code="a">Reservation blues  </subfield>
   <subfield code="c">Sherman Alexie.</subfield>
  </datafield>
  <datafield tag="260" ind1="0" ind2="0">
   <subfield code="a">London: </subfield>
   <subfield code="b">Minerva, </subfield>
   <subfield code="c">1995.</subfield>
  </datafield>
  <datafield tag="300" ind1=" " ind2=" ">
   <subfield code="a">306p.: </subfield>
   <subfield code="b">24cm.</subfield>
  </datafield>
  <datafield tag="650" ind1="0" ind2="0">
   <subfield code="a">Indians of North America -- </subfield>
   <subfield code="x">Fiction -- </subfield>
   <subfield code="z">Washington (State) </subfield>
  </datafield>
  <datafield tag="650" ind1="0" ind2="0">
   <subfield code="a">Rock groups -- </subfield>
   <subfield code="x">Fiction -- </subfield>
   <subfield code="z">Washington (State) </subfield>
  </datafield>
  <datafield tag="650" ind1="0" ind2="0">
   <subfield code="a">Spokane Indians -- </subfield>
   <subfield code="x">Fiction </subfield>
  </datafield>
  <datafield tag="651" ind1="0" ind2="0">
   <subfield code="a">Washington (State) -- </subfield>
   <subfield code="x">Fiction </subfield>
  </datafield>
 </record>
</collection>
